00732 2200241 4500001002100000005001700021008004100038035002400079082001100103090002200114100002000136245012200156260002900278300002600307500005100333500002900384650001200413850002100425980001400446985000600460986000900466999001500475YOGYA-0209000004316920090227025932.0 ind  0010-020900000043169 a332.41 a332.41bYan AlSK aYANTO, Y. Sudar aAnalisis pengaruh jub, PDb, dan ekspor total terhadap laju inflasi di Indonesia periode 1970-1991coleh Sudar Yanto Y aYogyakartab[s.n.]c1993 axiv, 149 lembarcilus aSkripsi Universitas Wangsa Manggala Yogyakarta aBibliografi : lembar 118 aInflasi aYOPDYOG [TRM 29] a29-8-2007 a1 aRuni a07A0025856